000 00367nam a2200133Ia 4500
008 211119s9999||||xx |||||||||||||| ||und||
082 _a641.52
_bLAT-R
100 _aLatheef, Raziya
245 0 _aRamzan Recipes
260 _bMathrubhumi Books
_a2011
_cKottayam
300 _a112p
650 _aTechnology
_vFood & DrinkEconomics
_xPGR-GANDHIAN STUDIES
942 _cBOOK
999 _c112153
_d112153